Statistics for American TV Shows by Clue

Click here to take the quiz!

General Stats

  • This quiz has been taken 1,943 times
  • The average score is 13 of 19

Answer Stats

ClueShow% Correct
How You Doin', Ross and Rachel, "I'll Be There for You"Friends
98%
Charlie Sheen, Two Adults, One Kid, No Grown-upsTwo and a Half Men
84%
Miley Cyrus, Billy Ray Cyrus, 'The Best of Both Worlds'Hannah Montana
83%
Simon Cowell, Kelly Clarkson, Ryan SeacrestAmerican Idol
81%
Walter White, Crystal Meth, BaBrBreaking Bad
81%
Plane Crash, Remote Island, HurleyLost
81%
Springfield, Matt Groening, Spider-pigThe Simpsons
81%
George Clooney, County General Hospital, CarterER
73%
Will Smith, Philadelphia to ___ _______The Fresh Prince of Bel-Air
73%
Ellen Pompeo, Seattle Grace Mercy WestGrey's Anatomy
69%
"Where Everybody Knows Your Name", Sam MaloneCheers
68%
The Huxtable family, Phylicia Rashad, Bill ______The Cosby Show
63%
Liz Lemon, TGS with Tracy Morgan, Alec Baldwin30 Rock
58%
Who shot JR? Ewing family, Southfork RanchDallas
58%
'____ from New York, It's ______ _____!'Saturday Night Live
58%
James Van Der Beek, Katie HolmesDawson's Creek
56%
Wisteria Lane, Mary Alice Young, SuicideDesperate Housewives
55%
Madison Avenue, Jon Hamm, 1960'sMad Men
55%
Las Vegas, Nick Stokes,'Who are you?'CSI: Crime Scene Investigation
50%

Score Distribution

Percentile by Number Answered

Percent of People with Each Score

Your Score History

You have not taken this quiz